00453nam a2200157Ia 4500008004100000041000800041082002500049100002400074245009300098260002900191300000800220365001600228710002400244906000800268999001900276230312s9999 xx 000 0 und d aeng a620.106b620.106 RAJ aRajput R.K.9137180 aTextbook Of Fluid Mechanics:bFluid Mechanics And Hydraulic Machines, In SI Units Part-1 c2009bS. Chand & Company a999 cRs.b375.00 aRajput R.K.9137181 b450 c132933d132933